Semana Santa : Del Domingo de ramos al domingo de resurrección. 8 cápsulas (Record no. 12250)

MARC details
000 -LEADER
campo de control de longitud fija 00416nam a2200133Ia 4500
001 - NÚMERO DE CONTROL
campo de control 2920
008 - DATOS DE LONGITUD FIJA--INFORMACIÓN GENERAL
campo de control de longitud fija 241024s9999 xx 000 0 und d
082 ## - NÚMERO DE LA CLASIFICACIÓN DECIMAL DEWEY
Número de clasificación [*SIN CLASIFICACION*]
100 ## - ENTRADA PRINCIPAL--NOMBRE DE PERSONA
Nombre de persona República Dominicana.Ministerio de Educación
245 #0 - MENCIÓN DEL TÍTULO
Título Semana Santa : Del Domingo de ramos al domingo de resurrección. 8 cápsulas
260 ## - PUBLICACIÓN, DISTRIBUCIÓN, ETC.
Nombre del editor, distribuidor, etc. Santo Domingo
Fecha de publicación, distribución, etc. 2013
901 ## - ELEMENTOS DE DATOS A LOCAL LDA (RLIN)
a 21/6/2013 11:47:10 a.m.

No items available.

© 2024. Todos los Derechos Reservados. Desarrollado por IDEICE